000 01323nam0a22003011 4500
001 v19\rc\1731636
005 20250619043728.0
035 _a(NLR Aleph) 004826921
090 _a5069969
_c5069969
100 _a20061002d1901 |||y0rusy50 ca
101 0 _arus
102 _aRU
105 _ay z |||a|
200 1 _aПовесть о славном геройском подвиге, рядового Тянгинского полка Архипа Осипова и других кавказских героях, доблестно почивших во славу русского оружия
210 _aСанкт-Петербург
_cА.А. Холмушина
_d1901
215 _a87 с.
_d18
300 _aЗагл. обл.: Повесть о геройском подвиге Архипа Осипова
423 0 _11010#$arus
_12001#$a[Песня нижним чинам]
_15401#$aПесня нижним чинам
_t[Песня нижним чинам]
512 0 _aПовесть о геройском подвиге Архипа Осипова
702 1 _aОсипов
_bА.
_gАрхип
_4570
801 0 _aRU
_bNLR
_gpsbo
801 0 _aRU
_bRuMoRGB
_2psbo
801 1 _aRU
_bProSoft-M
_2rusmarc
852 _aNLR
_j20.60.8.95
899 _aRuMoRGB
_jМК
899 _aБАН
942 _cBOOK
980 _aNB